MARC details
| 000 -CABECERA |
| campo de control de longitud fija |
01318nam a22002777a 4500 |
| 003 - IDENTIFICADOR DEL NÚMERO DE CONTROL |
| campo de control |
OSt |
| 005 - FECHA Y HORA DE LA ÚLTIMA TRANSACCIÓN |
| campo de control |
20250122110933.0 |
| 008 - DATOS DE LONGITUD FIJA--INFORMACIÓN GENERAL |
| campo de control de longitud fija |
210325b 2020 dr ac 00| 0 eng d |
| 020 ## - NÚMERO INTERNACIONAL ESTÁNDAR DEL LIBRO |
| Número Internacional Estándar del Libro |
9789945880243 |
| 040 ## - FUENTE DE LA CATALOGACIÓN |
| Centro/agencia transcriptor |
BNPHU |
| Lengua de catalogación |
spa |
| Centro catalogador/agencia de origen |
DO-SdBNP |
| 082 #4 - NÚMERO DE LA CLASIFICACIÓN DECIMAL DEWEY |
| Número de edición |
22 |
| Número de clasificación |
320.97293 |
| Número de documento/Ítem |
B622m |
| 100 ## - ENTRADA PRINCIPAL--NOMBRE DE PERSONA |
| Nombre de persona |
Bisonó Haza, Víctor O., |
| Fechas asociadas al nombre |
1963- |
| 9 (RLIN) |
55852 |
| 245 10 - MENCIÓN DE TÍTULO |
| Título |
Ito Bisonó- mis escritos : |
| Resto del título |
reflexiones de un político / |
| Mención de responsabilidad, etc. |
Víctor Orlando Bisonó Haza. ; edición, José Rafael Mata. |
| 260 ## - PUBLICACIÓN, DISTRIBUCIÓN, ETC. |
| Lugar de publicación, distribución, etc. |
Santo Domingo : |
| Nombre del editor, distribuidor, etc. |
Serigraf, |
| Fecha de publicación, distribución, etc. |
2020. |
| 300 ## - DESCRIPCIÓN FÍSICA |
| Extensión |
195 p. : |
| Otras características físicas |
il., retrs. ; |
| Dimensiones |
23 cm. |
| 500 ## - NOTA GENERAL |
| Nota general |
Incluye datos biográficos del autor en la solapa de la contracubierta. |
| 500 ## - NOTA GENERAL |
| Nota general |
La biblioteca posee 1 ejemplar autografiado por el autor. |
| 505 ## - NOTA DE CONTENIDO CON FORMATO |
| Información miscelánea |
Capítulo 1 |
| Título |
Anhelos ciudadanos -- |
| Información miscelánea |
Capítulo 2 |
| Título |
Defensa territorial -- |
| Información miscelánea |
Capítulo 3 |
| Título |
Ejemplos a seguir -- |
| Información miscelánea |
Capítulo 4 |
| Título |
Mirada interior -- |
| Información miscelánea |
Capítulo 5 |
| Título |
Visión de futuro -- |
| 590 ## - NOTA LOCAL (RLIN) |
| Nota local |
Inventariado, 2021 /LP |
| 590 ## - NOTA LOCAL (RLIN) |
| Nota local |
La biblioteca posee 1 ejemplar autografiado por el autor. |
| 600 #0 - PUNTO DE ACCESO ADICIONAL DE MATERIA--NOMBRE DE PERSONA |
| Nombre de persona |
Bisonó Haza, Víctor O., |
| Fechas asociadas al nombre |
1963- |
| Subdivisión general |
Pensamiento político |
| 9 (RLIN) |
55852 |
| 651 #4 - PUNTO DE ACCESO ADICIONAL DE MATERIA--NOMBRE GEOGRÁFICO |
| Nombre geográfico |
República Dominicana |
| Subdivisión general |
Política y gobierno |
| Subdivisión de forma |
Ensayos, conferencias etc. |
| 9 (RLIN) |
205 |
| 700 1# - PUNTO DE ACCESO ADICIONAL--NOMBRE DE PERSONA |
| Nombre de persona |
Mata, José Rafael, |
| Término indicativo de función/relación |
edición |
| 9 (RLIN) |
78284 |
| 910 ## - DATOS DE OPCIÓN DEL USUARIO (OCLC) |
| Datos de opción del usuario |
Validado. Control de calidad MFF |
| 942 ## - ELEMENTOS DE PUNTO DE ACCESO ADICIONAL (KOHA) |
| Fuente del sistema de clasificación o colocación |
Dewey Decimal Classification |
| Tipo de ítem Koha |
Libro |